IFM Opac

Differences Opinion (Record no. 15301)

MARC details
000 -LEADER
fixed length control field 00281nam a22001217a 4500
082 ## - DEWEY DECIMAL CLASSIFICATION NUMBER
Classification number 941.0850924 MOO
100 ## - MAIN ENTRY--PERSONAL NAME
Personal name Mooney, Bel
9 (RLIN) 7366
245 ## - TITLE STATEMENT
Title Differences Opinion
260 ## - PUBLICATION, DISTRIBUTION, ETC.
Place of publication, distribution, etc. Britain
Name of publisher, distributor, etc. Robson Books
Date of publication, distribution, etc. 1984
300 ## - PHYSICAL DESCRIPTION
Extent 210p.
Other physical details 14cm.
650 ## - SUBJECT ADDED ENTRY--TOPICAL TERM
Topical term or geographic name entry element Opinion
9 (RLIN) 7367
942 ## - ADDED ENTRY ELEMENTS (KOHA)
Koha item type Books
Holdings
Withdrawn status Lost status Damaged status Not for loan Collection code Home library Current library Shelving location Date acquired Source of acquisition Total Checkouts Full call number Barcode Date last seen Price effective from Koha item type
        Non-fiction IFM Main Campus Library IFM Main Campus Library Archival Collection 09/23/2021 Purchase   941.0850924 MOO 0000006685 02/07/2016 02/19/2022 Books